000 00297nam a2200097Ia 4500
008 240331s9999 xx 000 0 und d
082 _a303.6
_bRIC
100 _aRichardson, J
245 0 _aParadise poisoned :
_blearning about conflict, terrorism and development from Sri Lanka's civil wars
942 _cL
999 _c1268
_d1268